LEADER 00475naa a2200133 i 4500 001 000000303809 003 CaOOAMICUS 005 20180831172807.0 008 180831n xx u000 u und u 013 $a11589 040 $aSeMil$bita 100 1 $aTononi, Renato.$0(OLS)http://semarc/name/25825 245 11$a«Consenso dei fedeli» e autoritą magisteriale nella dottrina del. 996 $6245$a«Consenso dei fedeli» e autoritą magisteriale nella dottrina del$9(OLS)http://semarc/title/379765 LEADER 00722nam a2200193 i 4500 001 000000037158 003 CaOOAMICUS 005 19931231000000.0 008 931231n it u000 u ita u 013 $a7382 040 $aSeMil$bita 100 1 $aLanzi, Nicola.$0(OLS)http://semarc/name/4007 245 13$aLa Chiesa nella conversione di S. Agostino. 600 04$aAgostino, Aurelio .$0(OLS)http://semarc/subject/1856 650 4$aEcclesiologia.$0(OLS)http://semarc/subject/42996 850 $aSeMil 852 $aSeMil$W1$xVenegono$y1$m2N VI 291$j3313$B3313$CSeMilBibl$Z2$F3313 $81 961 $aOmaggio: Deposito 996 $6245$aLa Chiesa nella conversione di S. Agostino$9(OLS)http://semarc/title/51886